000 00661nam a22001937a 4500
003 OSt
005 20251106061201.0
008 251106b |||||||| |||| 00| 0 eng d
020 _a978-621-427-091-1
040 _aDWCl-Main lib
_cOC
082 _aFil. 519.5 M382 2021
100 _aMatt Martin
245 _aStatistics for Business and Management/
_cMartin Matt
260 _aManila, Philippines :
_bUnlimited books library services & publishing ,
_cc2021.
300 _avi, 183 pages :
_billustrations ;
_c25cm.
504 _aIncludes bibliographical references
650 _a1. Management-- Statistical methods
942 _2ddc
_cBK - FIL
_kFil.
_n0
999 _c5589
_d5589